Statistics for Countries starting with symbols from The Periodic Table #1

Click here to take the quiz!

General Stats

  • This quiz has been taken 126 times
    (90 since last reset)
  • The average score is 13 of 20

Answer Stats

ElementAnswer% Correct
LithiumLithuania
88%
ArgonArgentina
78%
UraniumUnited Kingdom
78%
UraniumUzbekistan
77%
UraniumUruguay
76%
ArgonArmenia
74%
UraniumUnited States of America
74%
UraniumUganda
72%
PotassiumKazakhstan
68%
UraniumUkraine
64%
PotassiumKiribati
62%
PotassiumKyrgyzstan
62%
LithiumLiberia
62%
LithiumLiechtenstein
62%
UraniumUnited Arab Emirates
62%
PotassiumKenya
55%
LithiumLibya
54%
PotassiumKuwait
50%
PotassiumKosovo
47%
StrontiumSri Lanka
44%

Score Distribution

Percentile by Number Answered

Percent of People with Each Score

Your Score History

You have not taken this quiz since the last reset